Nutrition now

Kaydedildi:
Detaylı Bibliyografya
Yazar: Brown, Judith E.
Materyal Türü: Kitap
Dil:Undetermined
Baskı/Yayın Bilgisi: Australia Thomson Learning/Wadsworth 2006
Konular:
Etiketler: Etiketle
Etiket eklenmemiş, İlk siz ekleyin!
Thư viện lưu trữ: Trung tâm Học liệu Trường Đại học Cần Thơ
LEADER 00485nam a2200193Ia 4500
001 CTU_100050
008 210402s9999 xx 000 0 und d
020 |c 1122000 
082 |a 613.2 
082 |b B877 
100 |a Brown, Judith E. 
245 0 |a Nutrition now 
245 0 |c Judith E. Brown 
260 |a Australia 
260 |b Thomson Learning/Wadsworth 
260 |c 2006 
650 |a Nutrition 
904 |i Giang 
980 |a Trung tâm Học liệu Trường Đại học Cần Thơ